00519nam a2200169Ia 4500003000900000008004100009020001800050040001600068080002200084245009500106260004900201300001200250490001600262650002000278700002600298700002500324IN-BaIIA211028s9999 xx 000 0 eng d a92-9092-580-9 cIIA Library a52-128(047) bESO 0aInvesting in spacebthe challenges for Europecedited by Geraldine Naja and Bruce Battrick aThe NetherlandsbEuropean Space Agencyc1999 a48p.+cd aESO SP-2000 aSpace programme aBattrick, Bruce., ed. aNaja, Geraldine, ed.